| 000 | 01488nam a22003737a 4500 | ||
|---|---|---|---|
| 001 | 194 | ||
| 003 | FISKH | ||
| 005 | 20240430153250.0 | ||
| 008 | 230303b cb ||||| |||| 00| 0 eng d | ||
| 020 | _a9780064462013 | ||
| 040 |
_aDLC _cDLC _dDLC _dFISKH _beng |
||
| 050 | 0 | 0 |
_aQH31.G38 _bA3 1996 |
| 082 | 0 | 0 |
_a639.9/092 _aB _220 |
| 100 | 1 |
_aGeorge, Jean Craighead, _d1919-2012. |
|
| 245 | 1 | 4 |
_aThe tarantula in my purse : _band 172 other wild pets / _cwritten and illustrated by Jean Craighead George. |
| 250 | _a1st ed. | ||
| 260 |
_aNew York : _bHarperCollins Publishers, _c1996. |
||
| 300 |
_a134 p. : _bill. ; _c20 cm. |
||
| 505 | _aO | ||
| 520 | _aA collection of autobiographical stories about raising a houseful of children and wild pets including crows, skunks, and raccoons. | ||
| 521 | 8 |
_a830
_bLexile |
|
| 521 | 8 |
_aO _bRaz-Plus |
|
| 600 | 1 | 0 |
_aGeorge, Jean Craighead, _d1919-2012 _vJuvenile literature. |
| 600 | 1 | 1 |
_aGeorge, Jean Craighead, _d1919-2012. |
| 650 | 0 |
_aWild animals as pets _vJuvenile literature. |
|
| 650 | 0 |
_aNaturalists _zUnited States _vBiography _vJuvenile literature. |
|
| 650 | 1 | _aNaturalists. | |
| 650 | 1 |
_aWomen _vBiography. |
|
| 650 | 1 | _aWild animals as pets. | |
| 856 | 4 | 2 |
_3Publisher description _uhttp://www.loc.gov/catdir/description/hc041/95054151.html |
| 856 | 4 | 2 |
_3Contributor biographical information _uhttp://www.loc.gov/catdir/enhancements/fy1306/95054151-b.html |
| 906 |
_a7 _bcbc _corignew _d1 _eocip _f19 _gy-gencatlg |
||
| 942 |
_2ddc _cBK _n0 |
||
| 999 |
_c194 _d194 |
||